Fundamentals of Soil Science (Record no. 10417)
[ view plain ]
| 000 -LEADER | |
|---|---|
| fixed length control field | 00459nam a22001937a 4500 |
| 003 - CONTROL NUMBER IDENTIFIER | |
| control field | OSt |
| 005 - DATE AND TIME OF LATEST TRANSACTION | |
| control field | 20241104120220.0 |
| 008 - FIXED-LENGTH DATA ELEMENTS--GENERAL INFORMATION | |
| fixed length control field | 241104b |||||||| |||| 00| 0 eng d |
| 040 ## - CATALOGING SOURCE | |
| Transcribing agency | MRSPTU |
| 041 ## - LANGUAGE CODE | |
| Language code of text/sound track or separate title | ENG |
| 082 ## - DEWEY DECIMAL CLASSIFICATION NUMBER | |
| Classification number | 631.4 |
| Item number | RA-S |
| 100 ## - MAIN ENTRY--PERSONAL NAME | |
| Personal name | Rathinasamy, A |
| 245 ## - TITLE STATEMENT | |
| Title | Fundamentals of Soil Science |
| 260 ## - PUBLICATION, DISTRIBUTION, ETC. | |
| Place of publication, distribution, etc. | Jodhpur |
| Name of publisher, distributor, etc. | Scientific Pub. |
| Date of publication, distribution, etc. | 2023 |
| 300 ## - PHYSICAL DESCRIPTION | |
| Extent | 354 |
| 650 ## - SUBJECT ADDED ENTRY--TOPICAL TERM | |
| Topical term or geographic name entry element | Agriculture |
| 700 ## - ADDED ENTRY--PERSONAL NAME | |
| Personal name | Saliha, B. Bakiyathu |
| 942 ## - ADDED ENTRY ELEMENTS (KOHA) | |
| Source of classification or shelving scheme | Dewey Decimal Classification |
| Koha item type | Book |
| Suppress in OPAC | No |
| Withdrawn status | Lost status | Source of classification or shelving scheme | Damaged status | Not for loan | Home library | Current library | Date acquired | Total checkouts | Full call number | Barcode | Date last seen | Price effective from | Koha item type | Date last checked out |
|---|---|---|---|---|---|---|---|---|---|---|---|---|---|---|
| Dewey Decimal Classification | MRSPTU Central Library | MRSPTU Central Library | 11/04/2024 | 631.4 RA-S | 41737 | 11/04/2024 | 11/04/2024 | Book | ||||||
| Dewey Decimal Classification | MRSPTU Central Library | MRSPTU Central Library | 11/04/2024 | 631.4 RA-S | 41738 | 11/04/2024 | 11/04/2024 | Book | ||||||
| Dewey Decimal Classification | MRSPTU Central Library | MRSPTU Central Library | 11/04/2024 | 631.4 RA-S | 41739 | 11/04/2024 | 11/04/2024 | Book | ||||||
| Dewey Decimal Classification | MRSPTU Central Library | MRSPTU Central Library | 11/04/2024 | 631.4 RA-S | 41740 | 11/04/2024 | 11/04/2024 | Book | ||||||
| Dewey Decimal Classification | MRSPTU Central Library | MRSPTU Central Library | 11/04/2024 | 3 | 631.4 RA-S | 41741 | 01/31/2025 | 11/04/2024 | Book | 01/08/2025 | ||||
| Dewey Decimal Classification | MRSPTU Central Library | MRSPTU Central Library | 11/04/2024 | 2 | 631.4 RA-S | 41742 | 03/20/2025 | 11/04/2024 | Book | 02/27/2025 | ||||
| Dewey Decimal Classification | MRSPTU Central Library | MRSPTU Central Library | 11/04/2024 | 631.4 RA-S | 41743 | 12/11/2024 | 11/04/2024 | Book |
